Voter, umeedwar aur intikhabi mohim(miss)(ووٹر ، امیدوار اور انتخابی مہم)/ (Record no. 103336)
[ view plain ]
| 000 -LEADER | |
|---|---|
| fixed length control field | 00552nam a22001457a 4500 |
| 005 - DATE AND TIME OF LATEST TRANSACTION | |
| control field | 20180216091645.0 |
| 008 - FIXED-LENGTH DATA ELEMENTS--GENERAL INFORMATION | |
| fixed length control field | 180216b xxu||||| |||| 00| 0 eng d |
| 040 ## - CATALOGING SOURCE | |
| Transcribing agency | PK-LaUMT |
| 082 ## - DEWEY DECIMAL CLASSIFICATION NUMBER | |
| Classification number | PKAC 324.095491 |
| Item number | IJA-V |
| 100 ## - MAIN ENTRY--PERSONAL NAME | |
| Personal name | Ijaz Shafi Gilani |
| 245 ## - TITLE STATEMENT | |
| Title | Voter, umeedwar aur intikhabi mohim(miss)(ووٹر ، امیدوار اور انتخابی مہم)/ |
| Remainder of title | گیلپ پاکستان کے منفرد تحقیق مطالعہ پر مبنی رپورٹ |
| Statement of responsibility, etc | Ijaz Shafi Gilani |
| 260 ## - PUBLICATION, DISTRIBUTION, ETC. (IMPRINT) | |
| Name of publisher, distributor, etc | ادارے رائے عامہ) |
| Date of publication, distribution, etc | 1985 |
| 300 ## - PHYSICAL DESCRIPTION | |
| Extent | 46 |
| 942 ## - ADDED ENTRY ELEMENTS (KOHA) | |
| Koha item type | Books |
| Withdrawn status | Lost status | Damaged status | Home library | Current library | Date acquired | Full call number | Barcode | Date last seen | Price effective from | Koha item type |
|---|---|---|---|---|---|---|---|---|---|---|
| UMT Main Campus | UMT Main Campus | 2018-02-16 | PKAC 324.095491 IJA-V | 119609 | 2018-02-16 | 2018-02-16 | Books |
